Países por produção de hidroeletricidade - Statistics

Estatísticas Gerais
  • Esse quiz foi jogado 34 vezes
  • A pontuação média é 10 de 15
Estatísticas das Respostas
Classificação Produção País % Correto
1 1354 TWh China
100%
4 237 TWh Estados Unidos
100%
2 413 TWh Brasil
97%
3 343 TWh Canada
94%
9 79 TWh Japão
90%
12 59 TWh França
87%
6 157 TWh Índia
87%
5 211 TWh Rússia
84%
14 50 TWh Colombia
52%
15 44 TWh Paraguai
52%
13 57 TWh Turquia
39%
11 65 TWh Venezuela
39%
7 144 TWh Noruega
32%
10 68 TWh Sueçia
32%
8 89 TWh Vietnã
16%
Nenhum quiz correspondente encontrado
Distribuição das Pontuações
Porcentagem de Pessoas com Cada Pontuação
Percentil de Números Respondidos
Sua Pontuação Histórica
Você não jogou esse quiz